Online Catalogue and eLibrary

Vivahaya pilibanda samaja vidyathmaka vimasumak (Record no. 5235)

MARC details
000 -LEADER
fixed length control field 00427nam a2200157Ia 4500
005 - DATE AND TIME OF LATEST TRANSACTION
control field 20250606015814.0
008 - FIXED-LENGTH DATA ELEMENTS--GENERAL INFORMATION
fixed length control field 240331s9999 xx 000 0 und d
020 ## - INTERNATIONAL STANDARD BOOK NUMBER
ISBN 9558596299
082 ## - DDC Classification
Item Number - Author Mark JAY
Class No. 306
100 ## - MAIN ENTRY--PERSONAL NAME
Personal name Jayatunghe,N
245 #0 - TITLE STATEMENT
Title Vivahaya pilibanda samaja vidyathmaka vimasumak
260 ## - PUBLICATION, DISTRIBUTION, ETC.
Place of publication, distribution, etc. Ja ela
Name of publisher, distributor, etc. Samantha Book Publishers
Date of publication, distribution, etc. 2005
300 ## - PHYSICAL DESCRIPTION
Extent (e.g. Volumes, Pages etc.) 116 p .,
500 ## - GENERAL NOTE
General note A Sociological Study of Marriage
942 ## - Koha item type (Biblio)
Koha item type Books in Stacks (Lending)
Holdings
Lost status Damaged status Collection code Home library Current library Shelving location Date acquired Full call number Accession Number Item type
    Lending WERC Library WERC Library Social Science Cupboard 03/31/2024 306 JAY 6321 Books in Stacks (Lending)

© WERC Library